| 000 | 00561cam a2200205ua 4500 | ||
|---|---|---|---|
| 005 | 20230619100658.0 | ||
| 008 | 111203n ii |||gr||||Z||||||asm | ||
| 040 |
_cMAIN _aIN-DiNC |
||
| 041 | _dasm | ||
| 082 |
_a891.4514 _bTHA |
||
| 100 | 1 |
_aThakuria, Rammal, _eauthor |
|
| 245 | 1 | 1 |
_aSahitya bichar/ _cby Rammal Thakuria |
| 250 | _a2nd. | ||
| 260 |
_aGuwahati: _bLakshmi Prakash, _c1971. |
||
| 300 |
_a192p: _c23cm. |
||
| 650 | _aLiterary criticism of Assamese literature | ||
| 653 | _aAssamese literature | ||
| 653 | _aSahityar patabhumi | ||
| 942 |
_cBK _2ddc |
||
| 999 |
_c3604 _d3604 |
||